Make your dreams bigger than your memories : don't let your past keep you from your future /

Bibliographic Details
Main Author: Foy, Terri Savelle
Format: Book
Language:English
Published: Ventura, Calif. : Regal, [2010]
Subjects:

MARC

Tag First Indicator Second Indicator Subfields
LEADER 00000cam a22000004a 4500
001 in00002782081
005 20150922121536.0
008 100122s2010 cau 000 0 eng
010 |a  2010002458 
020 |a 9780830754717 (hardcover) 
020 |a 0830754717 (hardcover) 
035 |a (OCoLC)ocn460060279 
040 |a DLC  |b eng  |c DLC  |d BTCTA  |d YDXCP  |d UtOrBLW 
049 |a TXAM 
050 0 0 |a BV4909  |b .F69 2010 
082 0 0 |a 248.8/6  |2 22 
100 1 |a Foy, Terri Savelle. 
245 1 0 |a Make your dreams bigger than your memories :  |b don't let your past keep you from your future /  |c Terri Savelle Foy. 
264 1 |a Ventura, Calif. :  |b Regal,  |c [2010] 
264 4 |c ©2010 
300 |a 238 pages ;  |c 24 cm. 
336 |a text  |b txt  |2 rdacontent 
337 |a unmediated  |b n  |2 rdamedia 
338 |a volume  |b nc  |2 rdacarrier 
505 0 |a When you look back, you've lost your future -- When pain brings you to your knees, you can be healed there -- When you admit it's behind you, you're free to move forward -- When you have a plan, you won't look back -- When the memories won't go away, you have to get aggressive -- When you're tempted to go back, you could be falling into a trap -- When the soul ties are painful, your pain won't last forever -- When you change your self-image, you'll change your destiny -- When you let go of your past, it's time to move forward. 
650 0 |a Christian life. 
948 |a cataloged  |b h  |c 2012/10/8  |d c  |e ceaton  |f 2:31:24 pm 
994 |a C0  |b TXA 
999 |a MARS 
999 f f |s 135908f3-b891-337f-8050-705e4971c554  |i 7564c114-abff-3ac3-8225-8b2ee856b3eb  |t 0 
952 f f |p normal  |a Texas A&M University  |b College Station  |c Sterling C. Evans Library  |d Evans: Library Stacks  |t 0  |e BV4909 .F69 2010  |h Library of Congress classification  |i unmediated -- volume  |m A14841524971 
998 f f |a BV4909 .F69 2010  |t 0  |l Evans: Library Stacks